[Event "Oberliga Bayern 1213"]
[Site "Bayern"]
[Date "2013.02.24"]
[Round "7.8"]
[White "Buchner, Rudolf"]
[Black "Majer, Damir"]
[Result "0-1"]
[WhiteElo "2180"]
[BlackElo "2219"]
[PlyCount "106"]
[EventDate "2012.10.14"]
[EventType "team-tourn"]
[EventRounds "9"]
[EventCountry "GER"]
[SourceTitle "EXT 2015"]
[Source "ChessBase"]
[SourceDate "2014.11.20"]
[SourceVersion "1"]
[SourceVersionDate "2014.11.20"]
[SourceQuality "1"]
[WhiteTeam "Muenchen Tarrasch"]
[BlackTeam "Bayern Muenchen II"]
[WhiteTeamCountry "GER"]
[BlackTeamCountry "GER"]

1. e4 e6 2. d4 d5 3. Nd2 dxe4 4. Nxe4 Bd7 5. Nf3 Bc6 6. Bd3 Nd7 7. 0-0 Ngf6 8. Nxf6+ Nxf6 9. Bg5 Be7 10. c3 Bxf3 11. Qxf3 Qd5 12. Qxd5 Nxd5 13. Bxe7 Kxe7 14. f4 g6 15. Rae1 Kd6 16. g3 c6 17. a3 a5 18. Kg2 h5 19. Kf3 b5 20. h3 Rab8 21. Re5 h4 22. g4 f6 23. Ree1 g5 24. f5 Nf4 25. Re3 Rbe8 26. fxe6 Rxe6 27. Rxe6+ Kxe6 28. Re1+ Kd6 29. Bf1 Rb8 30. Re4 b4 31. axb4 axb4 32. c4 Ra8 33. c5+ Kd7 34. Re1 Ne6 35. Bc4 Nf4 36. Bf1 Ne6 37. Bc4 Nxd4+ 38. Kf2 Rd8 39. Re4 Kc7 40. Ke3 Nc2+ 41. Ke2 Nd4+ 42. Ke3 Nc2+ 43. Ke2 f5 44. gxf5 Nd4+ 45. Ke1 Nxf5 46. Re5 Rf8 47. Be2 Ng3 48. Bg4 Rf1+ 49. Kd2 Rf2+ 50. Kc1 b3 51. Rxg5 Rc2+ 52. Kd1 Rxb2 53. Be6 Rb1+ 0-1

[Event "Regionalliga SW 0506"]
[Site "Bayern"]
[Date "2005.11.27"]
[Round "3.2"]
[White "Buchner, Rudolf"]
[Black "Jorczik, Julian Marcel"]
[Result "0-1"]
[WhiteElo "2119"]
[BlackElo "2073"]
[PlyCount "96"]
[EventDate "2005.10.23"]
[EventType "team-tourn"]
[EventRounds "9"]
[EventCountry "GER"]
[SourceTitle "EXT 2007"]
[Source "ChessBase"]
[SourceDate "2006.11.23"]
[SourceVersion "1"]
[SourceVersionDate "2006.11.23"]
[SourceQuality "1"]

1. e4 c5 2. Nf3 e6 3. d4 cxd4 4. Nxd4 Nc6 5. Nc3 Nf6 6. Ndb5 Bb4 7. a3 Bxc3+ 8. Nxc3 d5 9. exd5 exd5 10. Bd3 0-0 11. 0-0 d4 12. Ne4 Bf5 13. Bg5 Bxe4 14. Bxe4 Qd6 15. Bxf6 Qxf6 16. Qd3 h6 17. Rfe1 Rac8 18. Rad1 Rfd8 19. Re2 Ne5 20. Qb3 b6 21. Rde1 Rc5 22. g3 g5 23. Kg2 g4 24. f4 gxf3+ 25. Bxf3 d3 26. Rxe5 Rxe5 27. Rxe5 Qxe5 28. cxd3 Qe3 29. Bh5 Qd2+ 30. Kh3 Qf2 31. Qd1 Rd4 32. Qe2 Qf5+ 33. Bg4 Qf6 34. Bf3 Kg7 35. Be4 Qe6+ 36. Kg2 f5 37. Qf2 Rd6 38. Bxf5 Qe5 39. Be4 Rf6 40. Qe2 Qc5 41. h4 Kf8 42. h5 Ke7 43. g4 Rf4 44. Bf5+ Kf8 45. Qd2 Qd5+ 46. Kh2 Qf3 47. Qg2 Qf2 48. b4 Qh4+ 0-1

[Event "Regionalliga SW 0506"]
[Site "Bayern"]
[Date "2005.11.13"]
[Round "2.1"]
[White "Buchner, Rudolf"]
[Black "Dengler, Peter"]
[Result "1/2-1/2"]
[WhiteElo "2119"]
[BlackElo "2241"]
[PlyCount "37"]
[EventDate "2005.10.23"]
[EventType "team-tourn"]
[EventRounds "9"]
[EventCountry "GER"]
[SourceTitle "EXT 2007"]
[Source "ChessBase"]
[SourceDate "2006.11.23"]
[SourceVersion "1"]
[SourceVersionDate "2006.11.23"]
[SourceQuality "1"]

1. e4 c5 2. Nf3 d6 3. d4 cxd4 4. Nxd4 Nf6 5. Nc3 g6 6. Be3 Bg7 7. f3 Nc6 8. Qd2 0-0 9. 0-0-0 d5 10. exd5 Nxd5 11. Nxc6 bxc6 12. Bd4 e5 13. Bc5 Be6 14. Ne4 Re8 15. Bc4 Qc7 16. Bd6 Qb6 17. Bc5 Qc7 18. Bd6 Qb6 19. Bc5 1/2-1/2

[Event "Oberliga Bayern 0405"]
[Site "Bayern"]
[Date "2005.04.10"]
[Round "9.7"]
[White "Buchner, Rudolf"]
[Black "Burggraf, Michael"]
[Result "1-0"]
[WhiteElo "2164"]
[BlackElo "2074"]
[PlyCount "89"]
[EventDate "2004.10.24"]
[EventType "team-tourn"]
[EventRounds "9"]
[EventCountry "GER"]
[SourceTitle "EXT 2020"]
[Source "ChessBase"]
[SourceDate "2019.10.17"]
[SourceVersion "1"]
[SourceVersionDate "2019.10.17"]
[SourceQuality "1"]
[WhiteTeam "Muenchen Tarrasch"]
[BlackTeam "Forchheim SC II"]
[WhiteTeamCountry "GER"]
[BlackTeamCountry "GER"]

1. e4 c5 2. Nf3 Nf6 3. Nc3 d5 4. exd5 Nxd5 5. Bc4 Nxc3 6. bxc3 g6 7. Ne5 e6 8. Qf3 f6 9. Bb5+ Ke7 10. Ba3 Qc7 11. d4 b6 12. Qxa8 fxe5 13. Qe4 exd4 14. cxd4 Bg7 15. Rd1 Bb7 16. Qg4 Kf7 17. Bb2 h5 18. Qh3 cxd4 19. 0-0 Rd8 20. Rfe1 e5 21. Bd3 Bd5 22. Qg3 Qc6 23. c4 Bxc4 24. Rc1 b5 25. a4 a6 26. f4 Qe6 27. fxe5 Nc6 28. Bxg6+ Kg8 29. Qg5 Qg4 30. Qxg4 hxg4 31. axb5 axb5 32. e6 Bf6 33. Ba3 Ne7 34. Bf7+ Kg7 35. Re4 d3 36. Rxg4+ Kh6 37. Bb4 d2 38. Rd1 Be2 39. Rxd2 Rxd2 40. Bxd2+ Kh7 41. Rg3 Bd4+ 42. Be3 Bf6 43. Rh3+ Kg7 44. Bh6+ Kh8 45. Bf8+ 1-0

[Event "Regionalliga SW 0405"]
[Site "Bayern"]
[Date "2005.02.13"]
[Round "7.1"]
[White "Buchner, Rudolf"]
[Black "Schnelzer, Reinhold"]
[Result "1/2-1/2"]
[WhiteElo "2164"]
[BlackElo "2251"]
[PlyCount "76"]
[EventDate "2004.10.24"]
[EventType "team-tourn"]
[EventRounds "9"]
[EventCountry "GER"]
[SourceTitle "EXT 2007"]
[Source "ChessBase"]
[SourceDate "2006.11.23"]
[SourceVersion "1"]
[SourceVersionDate "2006.11.23"]
[SourceQuality "1"]
[WhiteTeam "Muenchen Tarrasch II"]
[BlackTeam "Haunstetten"]
[WhiteTeamCountry "GER"]
[BlackTeamCountry "GER"]

1. e4 Nf6 2. e5 Nd5 3. d4 d6 4. Nf3 dxe5 5. Nxe5 g6 6. Bc4 c6 7. Nc3 Bg7 8. Qf3 Be6 9. 0-0 0-0 10. Bb3 Nc7 11. Be3 Nd7 12. Rad1 Nxe5 13. dxe5 Qc8 14. Qg3 Bxb3 15. cxb3 Qe6 16. f4 Nd5 17. Nxd5 cxd5 18. Qf3 Rfd8 19. Rf2 Rd7 20. Rfd2 Rad8 21. Bd4 f6 22. Qe3 fxe5 23. fxe5 Rc8 24. Kh1 b6 25. h3 Qf5 26. Rf2 Qe4 27. Qg5 Rf8 28. Rxf8+ Bxf8 29. Bc3 e6 30. Rf1 Bg7 31. Rf4 Qe2 32. Bd4 Rf7 33. Qd8+ Rf8 34. Rxf8+ Bxf8 35. Qf6 Qd1+ 36. Kh2 Qxd4 37. Qxe6+ Kg7 38. Qf6+ Kg8 1/2-1/2

[Event "Regionalliga SW 0405"]
[Site "Bayern"]
[Date "2005.01.30"]
[Round "6.1"]
[White "Zahn, Wolfgang"]
[Black "Buchner, Rudolf"]
[Result "1/2-1/2"]
[WhiteElo "2206"]
[BlackElo "2164"]
[PlyCount "34"]
[EventDate "2004.10.24"]
[EventType "team-tourn"]
[EventRounds "9"]
[EventCountry "GER"]
[SourceTitle "EXT 2007"]
[Source "ChessBase"]
[SourceDate "2006.11.23"]
[SourceVersion "1"]
[SourceVersionDate "2006.11.23"]
[SourceQuality "1"]
[WhiteTeam "Pasing II"]
[BlackTeam "Muenchen Tarrasch II"]
[WhiteTeamCountry "GER"]
[BlackTeamCountry "GER"]

1. e4 e5 2. Nf3 Nc6 3. d4 exd4 4. Nxd4 Bc5 5. Be3 Qf6 6. c3 Nge7 7. g3 0-0 8. Bg2 Nxd4 9. cxd4 Bb4+ 10. Nc3 Qa6 11. Qb3 Bxc3+ 12. Qxc3 d5 13. e5 Bg4 14. f3 Be6 15. Bf1 Qb6 16. Be2 Rac8 17. 0-0 f6 1/2-1/2

[Event "Regionalliga SW 0405"]
[Site "Bayern"]
[Date "2004.11.14"]
[Round "2.1"]
[White "Ahmann, Niki"]
[Black "Buchner, Rudolf"]
[Result "1-0"]
[WhiteElo "2148"]
[BlackElo "2164"]
[PlyCount "85"]
[EventDate "2004.10.24"]
[EventType "team-tourn"]
[EventRounds "9"]
[EventCountry "GER"]
[SourceTitle "EXT 2007"]
[Source "ChessBase"]
[SourceDate "2006.11.23"]
[SourceVersion "1"]
[SourceVersionDate "2006.11.23"]
[SourceQuality "1"]
[WhiteTeam "Unterhaching"]
[BlackTeam "Muenchen Tarrasch II"]
[WhiteTeamCountry "GER"]
[BlackTeamCountry "GER"]

1. e4 e5 2. f4 d5 3. exd5 exf4 4. Nf3 Nf6 5. Bb5+ Bd7 6. Bc4 b5 7. Qe2+ Qe7 8. Qxe7+ Bxe7 9. Bb3 a5 10. a3 0-0 11. d4 Bd6 12. 0-0 a4 13. Ba2 Bf5 14. Ne5 Bxc2 15. Bxf4 Nbd7 16. Nc3 Nb6 17. Rac1 Be4 18. Bg5 Bxd5 19. Bxf6 Bxa2 20. Nxa2 gxf6 21. Ng4 Nc4 22. Nc3 Nxb2 23. Nxb5 Ra5 24. Nxd6 cxd6 25. Rc3 Rg5 26. Nxf6+ Kg7 27. Ne4 Rg6 28. Ng3 d5 29. Nf5+ Kh8 30. Ne3 Nc4 31. Nxc4 Rc6 32. Rf5 Rd8 33. Ne5 Rxc3 34. Nxf7+ Kg7 35. Nxd8 Rxa3 36. Rxd5 Ra1+ 37. Kf2 a3 38. Ra5 Kf6 39. Nc6 Ke6 40. Kg3 Rc1 41. Nb4 Rc4 42. d5+ Ke5 43. Na2 1-0

[Event "Oberliga Bayern 0405"]
[Site "Bayern"]
[Date "2004.10.24"]
[Round "1.7"]
[White "Link, Ulrich"]
[Black "Buchner, Rudolf"]
[Result "1-0"]
[WhiteElo "2077"]
[BlackElo "2164"]
[PlyCount "115"]
[EventDate "2004.10.24"]
[EventType "team-tourn"]
[EventRounds "9"]
[EventCountry "GER"]
[SourceTitle "EXT 2020"]
[Source "ChessBase"]
[SourceDate "2019.10.17"]
[SourceVersion "1"]
[SourceVersionDate "2019.10.17"]
[SourceQuality "1"]
[WhiteTeam "Krumbach"]
[BlackTeam "Muenchen Tarrasch"]
[WhiteTeamCountry "GER"]
[BlackTeamCountry "GER"]

1. Nf3 Nf6 2. d4 g6 3. Nbd2 d5 4. e3 Bg7 5. Bd3 0-0 6. 0-0 c5 7. b3 Qc7 8. Bb2 Nc6 9. a3 Nd7 10. c4 cxd4 11. exd4 e5 12. cxd5 Nxd4 13. Nxd4 exd4 14. Nf3 Qc5 15. Re1 Nb6 16. Be4 Nxd5 17. Bxd4 Bxd4 18. Qxd4 Qxd4 19. Nxd4 Be6 20. Nxe6 fxe6 21. Bf3 Kf7 22. Re5 Rfd8 23. Rae1 Nf4 24. R1e4 Kf6 25. g3 Nh3+ 26. Kg2 Ng5 27. Re3 Rd6 28. Bxb7 Rb8 29. Bf3 Rc8 30. h4 Nf7 31. Rxe6+ Rxe6 32. Rxe6+ Kxe6 33. Bg4+ Ke5 34. Bxc8 Nd6 35. f4+ Kd4 36. Be6 Ke3 37. Bg8 h6 38. Bh7 g5 39. fxg5 hxg5 40. hxg5 Kd4 41. Kf3 Ke5 42. Ke3 Nb5 43. Bd3 Nc7 44. g6 Nd5+ 45. Kf3 Ne7 46. Kg4 Kf6 47. Kf4 a5 48. Be4 Nc8 49. b4 a4 50. b5 Nb6 51. Ke3 Nc4+ 52. Kd4 Nxa3 53. Kc5 Nxb5 54. Kxb5 a3 55. Bb1 a2 56. Bxa2 Kxg6 57. Bd5 Kf5 58. Bf3 1-0

[Event "Bad Woerishofen op 20th"]
[Site "Bad Woerishofen"]
[Date "2004.03.24"]
[Round "7"]
[White "Buchner, Rudolf"]
[Black "Pohlers, Juergen"]
[Result "1-0"]
[WhiteElo "2255"]
[BlackElo "2135"]
[PlyCount "55"]
[EventDate "2004.03.18"]
[EventType "swiss"]
[EventRounds "9"]
[EventCountry "GER"]
[SourceTitle "EXT 2022"]
[Source "ChessBase"]
[SourceDate "2021.10.06"]
[SourceVersion "1"]
[SourceVersionDate "2021.10.06"]
[SourceQuality "1"]

1. e4 c5 2. Nf3 Nc6 3. d4 cxd4 4. Nxd4 Nf6 5. Nc3 e5 6. Ndb5 d6 7. Bg5 a6 8. Bxf6 gxf6 9. Na3 b5 10. Nd5 Bg7 11. c3 0-0 12. Nc2 f5 13. exf5 Bxf5 14. Nce3 Be6 15. Qh5 f5 16. Bd3 e4 17. Bc2 Ne7 18. Rd1 Ng6 19. g4 fxg4 20. Bxe4 Ra7 21. 0-0 Qe8 22. Nxg4 Bxg4 23. Qxg4 Be5 24. Bxg6 Qxg6 25. Qxg6+ hxg6 26. f4 Bf6 27. Rde1 Raf7 28. Re6 1-0

[Event "Oberliga Bayern 0304"]
[Site "Bayern"]
[Date "2003.11.02"]
[Round "2.7"]
[White "Krauss, Hermann"]
[Black "Buchner, Rudolf"]
[Result "0-1"]
[WhiteElo "2081"]
[BlackElo "2107"]
[PlyCount "94"]
[EventDate "2003.10.12"]
[EventType "team-tourn"]
[EventRounds "9"]
[EventCountry "GER"]
[SourceTitle "EXT 2006"]
[Source "ChessBase"]
[SourceDate "2005.11.24"]
[SourceVersion "1"]
[SourceVersionDate "2005.11.24"]
[SourceQuality "1"]
[WhiteTeam "Nuernberg NT"]
[BlackTeam "Muenchen Tarrasch"]
[WhiteTeamCountry "GER"]
[BlackTeamCountry "GER"]

1. c4 e5 2. Nc3 Nc6 3. Nf3 g6 4. d4 exd4 5. Nxd4 Bg7 6. Nxc6 bxc6 7. g3 Ne7 8. Bg2 0-0 9. 0-0 d6 10. Qd2 Be6 11. b3 d5 12. Ba3 Qd7 13. Rac1 Rad8 14. Rfd1 Rfe8 15. Na4 Bg4 16. Bb2 d4 17. Nc5 Qf5 18. Ne4 Qh5 19. f3 Bc8 20. g4 Qh4 21. Qe1 Qxe1+ 22. Rxe1 f5 23. gxf5 Bxf5 24. Rcd1 h6 25. Kf2 Kf7 26. Ng3 Bc8 27. Rd2 h5 28. Red1 h4 29. Ne4 Nf5 30. Bh3 Ne3 31. Re1 Bf5 32. Ng5+ Kg8 33. Bxf5 Nxf5 34. Nh3 Rd6 35. Red1 Bh6 36. f4 Rde6 37. Bxd4 Nxd4 38. Rxd4 Rxe2+ 39. Kf3 R8e3+ 40. Kg4 Rg2+ 41. Kxh4 Rxh2 42. Rd8+ Kh7 43. R1d7+ Bg7 44. f5 Rhxh3+ 45. Kg4 Rhg3+ 46. Kh4 gxf5 47. Rxc7 Rg4+ 0-1

[Event "Munich op 23rd"]
[Site "Munich"]
[Date "2003.10.01"]
[Round "5"]
[White "Bogdanovich, Grigory Grigorievic"]
[Black "Buchner, Rudolf"]
[Result "1/2-1/2"]
[WhiteElo "2357"]
[BlackElo "2267"]
[PlyCount "108"]
[EventDate "2003.09.27"]
[EventType "swiss"]
[EventRounds "9"]
[EventCountry "GER"]
[SourceTitle "EXT 2004"]
[Source "ChessBase"]
[SourceDate "2003.11.25"]
[SourceVersion "1"]
[SourceVersionDate "2003.11.25"]
[SourceQuality "1"]

1. d4 Nf6 2. Nf3 g6 3. c4 Bg7 4. Nc3 d5 5. Bg5 Ne4 6. cxd5 Nxg5 7. Nxg5 e6 8. Qa4+ c6 9. dxc6 Nxc6 10. Nf3 Bd7 11. Qd1 Qb6 12. Qd2 0-0 13. e3 Rfd8 14. Be2 Rac8 15. 0-0 Na5 16. Rfd1 Nc4 17. Bxc4 Rxc4 18. Ne5 Bxe5 19. dxe5 Rcc8 20. Qe2 Bc6 21. Rd6 Qc5 22. Rad1 Re8 23. f4 b5 24. Qd2 b4 25. Ne2 Bd5 26. b3 Qc2 27. Ng3 Rc3 28. Qxc2 Rxc2 29. e4 Ba8 30. R6d2 Rxd2 31. Rxd2 Rc8 32. Kf2 Kf8 33. Ke3 Ke7 34. Ne2 h5 35. g3 Bb7 36. Rd4 Ba6 37. Rxb4 Bxe2 38. Kxe2 Rc2+ 39. Kf3 Rxa2 40. Rb7+ Kf8 41. f5 gxf5 42. exf5 exf5 43. h4 a5 44. Kf4 a4 45. b4 a3 46. Kg5 Rc2 47. b5 Rc8 48. Ra7 Rb8 49. Rxa3 Rxb5 50. Kxf5 Kg7 51. Re3 f6 52. Kf4 fxe5+ 53. Rxe5 Rb4+ 54. Kg5 Rg4+ 1/2-1/2

[Event "Bad Woerishofen op 19th"]
[Site "Bad Woerishofen"]
[Date "2003.03.20"]
[Round "8"]
[White "Kupreichik, Viktor D"]
[Black "Buchner, Rudolf"]
[Result "1/2-1/2"]
[WhiteElo "2490"]
[BlackElo "2301"]
[PlyCount "131"]
[EventDate "2003.03.13"]
[EventType "swiss"]
[EventRounds "9"]
[EventCountry "GER"]
[SourceTitle "CBM 093 Extra"]
[Source "ChessBase"]
[SourceDate "2003.05.09"]
[SourceVersion "1"]
[SourceVersionDate "2003.05.09"]
[SourceQuality "1"]

1. e4 e5 2. Nf3 Nc6 3. Bb5 a6 4. Ba4 Nf6 5. 0-0 Be7 6. Re1 b5 7. Bb3 d6 8. a4 Bg4 9. c3 0-0 10. h3 Bd7 11. d4 h6 12. Nbd2 Re8 13. Nf1 Bf8 14. d5 Na5 15. Bc2 c6 16. dxc6 Bxc6 17. Ng3 g6 18. h4 Bg7 19. h5 Nxh5 20. Nxh5 gxh5 21. Nh2 bxa4 22. Qxh5 Qf6 23. Bxa4 Bxa4 24. Rxa4 Nb3 25. Ng4 Qg6 26. Nxh6+ Bxh6 27. Qxg6+ fxg6 28. Bxh6 Kf7 29. Re3 Reb8 30. Rc4 Ra7 31. Rf3+ Ke6 32. Bg5 Rf7 33. Rxf7 Kxf7 34. Rc7+ Kg8 35. Rc6 Nc5 36. b4 Nxe4 37. Be3 d5 38. f3 Nxc3 39. Bc5 d4 40. Rxg6+ Kf7 41. Rd6 Ra8 42. Bb6 Ke7 43. Bc5 Kf7 44. Bb6 Ke7 45. Rc6 Na4 46. Ba5 Kd7 47. Rc7+ Kd6 48. Kf2 Nc3 49. Rc4 Nb5 50. g4 Rh8 51. Rc1 Nc3 52. Kg2 Kd5 53. Bb6 Rb8 54. Ba5 Kc4 55. Bc7 Re8 56. Kf2 e4 57. fxe4 Rxe4 58. Re1 Rxg4 59. Re6 d3 60. Rc6+ Kxb4 61. Ke3 Rd4 62. Kxd4 d2 63. Rc4+ Kb5 64. Rc5+ Kb4 65. Rc4+ Kb5 66. Rc5+ 1/2-1/2

[Event "Bad Woerishofen op 19th"]
[Site "Bad Woerishofen"]
[Date "2003.03.18"]
[Round "6"]
[White "Bjarnason, Oskar"]
[Black "Buchner, Rudolf"]
[Result "1/2-1/2"]
[WhiteElo "2195"]
[BlackElo "2301"]
[PlyCount "121"]
[EventDate "2003.03.13"]
[EventType "swiss"]
[EventRounds "9"]
[EventCountry "GER"]
[SourceTitle "CBM 093 Extra"]
[Source "ChessBase"]
[SourceDate "2003.05.09"]
[SourceVersion "1"]
[SourceVersionDate "2003.05.09"]
[SourceQuality "1"]

1. e4 e5 2. f4 d5 3. exd5 exf4 4. Nf3 Nf6 5. Bc4 Nxd5 6. Bxd5 Qxd5 7. Nc3 Qd8 8. d4 Be7 9. Bxf4 0-0 10. 0-0 Bf5 11. Ne2 Nc6 12. c4 Re8 13. Kh1 Bf6 14. Qd2 a5 15. d5 Nb4 16. Ned4 Bd3 17. Rfc1 Bg6 18. Re1 Rxe1+ 19. Nxe1 Na6 20. Nb5 c6 21. Nd6 Qb6 22. Rd1 cxd5 23. cxd5 Rd8 24. Nc4 Qb5 25. b3 a4 26. Qa5 Qxa5 27. Nxa5 axb3 28. axb3 Rd7 29. Nc4 b5 30. Nb6 Rb7 31. Nc8 Nc5 32. Nd6 Rd7 33. b4 Ne4 34. Nxe4 Bxe4 35. d6 g5 36. Bg3 h5 37. h3 Bc3 38. Nd3 Bxd3 39. Rxd3 Bxb4 40. Rd5 f6 41. Rxb5 Bd2 42. h4 Kf7 43. hxg5 Bxg5 44. Kg1 h4 45. Bh2 Ke6 46. Kf2 Ra7 47. Rb2 f5 48. Re2+ Kf6 49. Rc2 Ra3 50. Rc8 Rd3 51. Rf8+ Kg6 52. Rg8+ Kh5 53. Ke2 Rd2+ 54. Kf3 Rd3+ 55. Ke2 Rd5 56. Kf3 f4 57. Rh8+ Kg6 58. Kg4 Rd2 59. Bxf4 Bxf4 60. Kxf4 Rxd6 61. Rxh4 1/2-1/2